El Movimiento obrero en Pánama: 1880 - 1914

Պահպանված է:
Մատենագիտական մանրամասներ
Հիմնական հեղինակ: Navas, Luis
Համատեղ հեղինակ: Confederación Universitaria Centroamericana
Ձևաչափ: Տեքստ
Հրապարակվել է: San José: EDUCA
Ցուցիչներ: Ավելացրեք ցուցիչ
Չկան պիտակներ, Եղեք առաջինը, ով նշում է այս գրառումը!

MARC

LEADER 00000 a a2200000 04500
001 25561
003
040
090 |a 154802  
100 |a Navas, Luis  
110 |a Confederación Universitaria Centroamericana  
245 |a El Movimiento obrero en Pánama: 1880 - 1914  
260 |a San José:   |b EDUCA  
300 |a 175 p.  
999 |c 16127  |d 16127